Statistics for All WWE Money in the Bank Holders (as of 2021)

Click here to take the quiz!

General Stats

  • This quiz has been taken 566 times
    (411 since last reset)
  • The average score is 27 of 32

Answer Stats

EventPrizeWinner% Correct
WrestleMania 21World Heavyweight Title contractEdge
98%
Raw (May 7, 2007)WWE or World Title contractEdge
98%
Money in the Bank 2012WWE Title contractJohn Cena
96%
Money in the Bank 2014WWE World Heavyweight Title contractSeth Rollins
95%
WrestleMania XXIVWWE or World Title contractCM Punk
93%
WrestleMania 25WWE or World Title contractCM Punk
93%
Hell in a Cell 2020WWE / Universal Title contractThe Miz
92%
Money in the Bank 2010WWE Title contractThe Miz
92%
Money in the Bank 2019WWE / Universal Title contractBrock Lesnar
91%
Money in the Bank 2013WWE Title contractRandy Orton
88%
Money in the Bank 2016WWE World Heavyweight Title contractDean Ambrose
87%
Money in the Bank 2011WWE Title contractAlberto Del Rio
86%
SmackDown Live (June 27, 2017)SmackDown Women's Title contractCarmella
86%
Money in the Bank 2017SmackDown Women's Title contractCarmella
86%
Money in the Bank 2011World Heavyweight Title contractDaniel Bryan
86%
Money in the Bank 2015WWE World Heavyweight Title contractSheamus
86%
Money in the Bank 2010World Heavyweight Title contractKane
84%
Money in the Bank 2020WWE / Universal Title contractOtis
84%
Money in the Bank 2012World Heavyweight Title contractDolph Ziggler
83%
Money in the Bank 2022WWE / Universal Title contractTheory
83%
Money in the Bank 2020Raw Women's ChampionshipAsuka
82%
Money in the Bank 2017WWE Title contractBaron Corbin
81%
WrestleMania XXVIWWE or World Title contractJack Swagger
81%
Money in the Bank 2019Raw / SmackDown Women's Title contractBayley
80%
Money in the Bank 2021WWE / Universal Title contractBig E
80%
Money in the Bank 2018Raw / SmackDown Women's Title contractAlexa Bliss
79%
Money in the Bank 2022Raw / SmackDown Women's Title contractLiv Morgan
79%
WrestleMania 23WWE or World Title contractMr. Kennedy
77%
Money in the Bank 2013World Heavyweight Title contractDamien Sandow
75%
WrestleMania 22WWE or World Title contractRob Van Dam
75%
Money in the Bank 2018WWE / Universal Title contractBraun Strowman
73%
Money in the Bank 2021Raw / SmackDown Women's Title contractNikki A.S.H.
66%

Score Distribution

Percentile by Number Answered

Percent of People with Each Score

Your Score History

You have not taken this quiz since the last reset